000 00673nam a22002057a 4500
005 20251108164653.0
008 250721s1988 xx 000 0 ara d
082 1 4 _a415/جني
100 1 _aبن جني، أبو الفتح عثمان
245 1 0 _aكتاب اللمع في العربية /
264 1 _aاربد :
_bدار الأمل للنشر والتوزيع - مكتبة الكندي،
_c1988.
300 _a295ص.
490 0 _aالمكتبة النحوية ؛ 1
650 1 7 _aاللغة العربية
650 1 7 _aقواعد اللغة
650 1 7 _aعلم الصرف
700 1 _aفارس، فائز
_eتحقيق
942 _2ddc
_cBK
999 _c11411
_d11411